[Event "FESTIVAL DE AJEDREZ DE ROQUETAS DE MAR |"]
[Site "Hotel Bahia Serena (Roquetas d"]
[Date "2013.01.02"]
[Round "1"]
[White "BARRANCO CARA, Francisco Javie"]
[Black "NARCISO DUBLAN, Marc"]
[Result "1/2-1/2"]
[WhiteElo "2119"]
[BlackElo "2549"]
[PlyCount "107"]
[EventDate "2013.01.02"]
[EventRounds "9"]
[EventCountry "ESP"]

1. d4 e6 2. Nf3 Nf6 3. c4 b6 4. g3 Ba6 5. Qa4 Bb7 6. Bg2 c5 7. d5 exd5 8. cxd5
Bxd5 9. Nc3 Bc6 10. Qb3 Qe7 11. Bg5 Qe6 12. Bxf6 gxf6 13. O-O Na6 14. e4 Qxb3
15. axb3 Nb4 16. Rad1 O-O-O 17. Nh4 d6 18. Nf5 Bd7 19. Rxd6 Bxd6 20. Nxd6+ Kc7
21. Nxf7 Be6 22. Nxh8 Bxb3 23. Nd5+ Nxd5 24. exd5 Rxh8 25. Re1 Rd8 26. h4 a5
27. h5 h6 28. Re6 Rd6 29. Re7+ Rd7 30. Re6 Bxd5 31. Rxf6 Rd6 32. Rf4 b5 33. g4
a4 34. Bxd5 Rxd5 35. Rf6 Rd6 36. Rf3 b4 37. Kf1 Kc6 38. Ke2 Kb5 39. Rh3 b3 40.
g5 hxg5 41. h6 Rd8 42. h7 Rh8 43. Kd2 Kb4 44. Rh1 c4 45. Rh3 a3 46. bxa3+ Kxa3
47. Kc3 b2 48. Rh6 b1=N+ 49. Kxc4 Nd2+ 50. Kd5 Kb3 51. Ke6 Ne4 52. Kf7 Nxf2 53.
Kg7 Rxh7+ 54. Rxh7 1/2-1/2

[Event "FESTIVAL DE AJEDREZ DE ROQUETAS DE MAR |"]
[Site "Hotel Bahia Serena (Roquetas d"]
[Date "2013.01.02"]
[Round "1"]
[White "MIRZOEV, Azer"]
[Black "JIMENEZ CAPILLA, Martin R"]
[Result "1-0"]
[WhiteElo "2547"]
[BlackElo "2116"]
[PlyCount "49"]
[EventDate "2013.01.02"]
[EventRounds "9"]
[EventCountry "ESP"]

1. d4 d5 2. Nf3 Nf6 3. c4 c6 4. Qc2 dxc4 5. Qxc4 Bf5 6. g3 e6 7. Bg2 Be7 8. O-O
O-O 9. Nc3 Ne4 10. Qb3 Qb6 11. Nh4 Bxh4 12. gxh4 Nf6 13. e4 Bg6 14. Bf4 Rd8 15.
Qxb6 axb6 16. Rfd1 b5 17. a3 b4 18. axb4 Rxa1 19. Rxa1 Na6 20. b5 cxb5 21. e5
Nh5 22. Be3 Bd3 23. Bxb7 Nc5 24. Ra5 Rb8 25. Nxb5 1-0

[Event "FESTIVAL DE AJEDREZ DE ROQUETAS DE MAR |"]
[Site "Hotel Bahia Serena (Roquetas d"]
[Date "2013.01.02"]
[Round "1"]
[White "PUERTAS MARTIN, Savins"]
[Black "NIKOLOV, Momchil"]
[Result "0-1"]
[WhiteElo "2112"]
[BlackElo "2545"]
[PlyCount "102"]
[EventDate "2013.01.02"]
[EventRounds "9"]
[EventCountry "ESP"]

1. e4 c5 2. Nf3 e6 3. d4 cxd4 4. Nxd4 a6 5. c3 Qc7 6. Bd3 Nf6 7. O-O b6 8. Be3
Bb7 9. Nd2 d6 10. Qe2 Nbd7 11. f3 d5 12. Bg5 Bd6 13. g3 h6 14. Bxf6 Nxf6 15.
Rfe1 dxe4 16. Nxe4 Be7 17. Rad1 O-O 18. Nxf6+ Bxf6 19. Be4 Rad8 20. Bxb7 Bxd4+
21. Rxd4 Rxd4 22. cxd4 Qxb7 23. Qe4 Qc7 24. Qd3 b5 25. Qc3 Qb7 26. Re5 Rd8 27.
Kf2 g6 28. h4 h5 29. Rc5 Qd7 30. Ke3 Qd6 31. f4 Qd7 32. a3 a5 33. b4 axb4 34.
Qxb4 Qb7 35. Rxb5 Qg2 36. Qe1 Rc8 37. Rc5 Rb8 38. Rc3 Rb2 39. Kd3 Kh7 40. a4
Qf3+ 41. Kc4 Qc6+ 42. Kd3 Qxa4 43. Ke3 Qa8 44. Kd3 Qf3+ 45. Kc4 Qg2 46. Kd3 Rf2
47. Kc4 Qd5+ 48. Kd3 Rf3+ 49. Kc2 Qa2+ 50. Kd1 Qb1+ 51. Rc1 Qd3+ 0-1

[Event "FESTIVAL DE AJEDREZ DE ROQUETAS DE MAR |"]
[Site "Hotel Bahia Serena (Roquetas d"]
[Date "2013.01.02"]
[Round "1"]
[White "IBARRA JEREZ, Jose Carlos"]
[Black "HUGUET, Sergio"]
[Result "1-0"]
[WhiteElo "2538"]
[BlackElo "2110"]
[PlyCount "67"]
[EventDate "2013.01.02"]
[EventRounds "9"]
[EventCountry "ESP"]

1. e4 c5 2. Nf3 e6 3. d4 cxd4 4. Nxd4 a6 5. c4 Nf6 6. Nc3 Qc7 7. a3 b6 8. Be3
Bb7 9. f3 d6 10. Be2 Nbd7 11. Rc1 Be7 12. b4 Rc8 13. O-O O-O 14. Qd2 Qb8 15.
Rc2 Rfd8 16. Rb1 Qa8 17. Na4 Rc7 18. Bf1 Rdc8 19. Rbc1 g6 20. Nb3 Rc6 21. Bd4
Qb8 22. Nb2 d5 23. exd5 exd5 24. c5 Bd8 25. Nd3 Bc7 26. g3 Ne5 27. Nxe5 Bxe5
28. Bxe5 Qxe5 29. Nd4 R6c7 30. c6 Ba8 31. Re1 Qd6 32. Bxa6 Bxc6 33. Bxc8 Rxc8
34. Rec1 1-0

[Event "FESTIVAL DE AJEDREZ DE ROQUETAS DE MAR |"]
[Site "Hotel Bahia Serena (Roquetas d"]
[Date "2013.01.02"]
[Round "1"]
[White "ESTRADA MARTINEZ, Cesar"]
[Black "KHAMRAKULOV, Ibragim S"]
[Result "0-1"]
[WhiteElo "2092"]
[BlackElo "2509"]
[PlyCount "134"]
[EventDate "2013.01.02"]
[EventRounds "9"]
[EventCountry "ESP"]

1. c4 c5 2. Nf3 Nc6 3. d4 cxd4 4. Nxd4 Nf6 5. Nc3 Qc7 6. e4 Nxe4 7. Nxe4 Qe5 8.
Be3 Qxe4 9. Nb5 Qe5 10. Qd2 a6 11. f4 Qb8 12. Nc3 e6 13. Bd3 Nb4 14. Be4 Qc7
15. a3 Nc6 16. Rc1 Na5 17. Qf2 Nb3 18. Rc2 Bc5 19. O-O d6 20. f5 Bxe3 21. Qxe3
Qc5 22. Re2 O-O 23. fxe6 Bxe6 24. Bd5 Rae8 25. Rd1 h6 26. Qxc5 dxc5 27. Bxe6
Rxe6 28. Rd7 Na5 29. b4 cxb4 30. axb4 Nxc4 31. Rxb7 Rd8 32. Rxe6 fxe6 33. Rc7
Ne5 34. Re7 Rd6 35. Ne4 Rd1+ 36. Kf2 Nc6 37. Rxe6 Nxb4 38. Rb6 a5 39. Rb5 Rd5
40. Rb7 Nc2 41. Ra7 Nd4 42. Ke3 Nc6 43. Ra6 Ne7 44. g4 Rb5 45. h4 Nd5+ 46. Kd4
Nc7 47. Rc6 Rb4+ 48. Ke5 Rb5+ 49. Kd4 Rd5+ 50. Kc4 Re5 51. Kd4 Re7 52. Nc5 Kf7
53. g5 hxg5 54. hxg5 Ne6+ 55. Nxe6 Rxe6 56. Rc7+ Kg6 57. Ra7 a4 58. Ra5 Kh5 59.
Rxa4 Kxg5 60. Ra1 Kf4 61. Kd3 g5 62. Ra8 Re7 63. Rf8+ Kg3 64. Rg8 g4 65. Rg6
Kh3 66. Rh6+ Kg2 67. Rh8 g3 0-1

[Event "FESTIVAL DE AJEDREZ DE ROQUETAS DE MAR |"]
[Site "Hotel Bahia Serena (Roquetas d"]
[Date "2013.01.02"]
[Round "1"]
[White "LOPEZ MARTINEZ, Josep Manuel"]
[Black "SANTOS RUIZ, Miguel"]
[Result "1/2-1/2"]
[WhiteElo "2499"]
[BlackElo "2078"]
[PlyCount "124"]
[EventDate "2013.01.02"]
[EventRounds "9"]
[EventCountry "ESP"]

1. d4 Nf6 2. c4 c5 3. d5 b5 4. cxb5 a6 5. b6 d6 6. Nc3 Nbd7 7. e4 Rb8 8. Nf3 g6
9. Nd2 Bg7 10. a4 Nxb6 11. a5 Na8 12. Nc4 O-O 13. Be2 Nc7 14. O-O Nb5 15. g3
Nd7 16. Na4 Ne5 17. Ncb6 f5 18. Nxc8 Qxc8 19. f4 Nd7 20. exf5 gxf5 21. Kh1 Nd4
22. Bc4 Qb7 23. Ra3 Qb4 24. Qd3 Qxa5 25. Nc3 Qc7 26. Rxa6 Rb4 27. Na2 Rb7 28.
Ra3 Nf6 29. Nc3 Rb4 30. b3 Rfb8 31. Na2 R4b7 32. Be3 Ne4 33. g4 Ra7 34. Rxa7
Qxa7 35. gxf5 Qxa2 36. Qxe4 Bf6 37. Bxd4 cxd4 38. Qg2+ Qxg2+ 39. Kxg2 h5 40.
Ra1 Kf7 41. Kf3 Ke8 42. Ra7 Kd8 43. Ke4 Rc8 44. Kd3 Rc7 45. Ra4 h4 46. b4 Kc8
47. b5 Kb7 48. Ra6 Rc8 49. Rc6 Ra8 50. Ra6 Rxa6 51. bxa6+ Kb6 52. Ke4 Ka7 53.
Kf3 Kb8 54. Kg4 Ka7 55. Kh5 Kb8 56. Kg6 Ka7 57. h3 Bh8 58. Kf7 Bf6 59. Ke6 Kb8
60. Kd7 Ka7 61. Bd3 Kb8 62. Kd8 Ka7 1/2-1/2

[Event "FESTIVAL DE AJEDREZ DE ROQUETAS DE MAR |"]
[Site "Hotel Bahia Serena (Roquetas d"]
[Date "2013.01.02"]
[Round "1"]
[White "LOPEZ DE TURISO, Jose Angel"]
[Black "PEREZ MITJANS, Orelvis"]
[Result "0-1"]
[WhiteElo "2076"]
[BlackElo "2496"]
[PlyCount "80"]
[EventDate "2013.01.02"]
[EventRounds "9"]
[EventCountry "ESP"]

1. e4 d5 2. Nc3 d4 3. Nce2 c5 4. d3 Nc6 5. f4 Nf6 6. Nf3 Bg4 7. Ng3 Qa5+ 8. Bd2
Qb6 9. Be2 h5 10. h3 Bxf3 11. Bxf3 h4 12. e5 hxg3 13. exf6 gxf6 14. O-O O-O-O
15. a3 e6 16. Qe2 Bd6 17. c4 Qb3 18. Rfb1 Rh4 19. Bxc6 bxc6 20. Qf3 Kd7 21. a4
Rhh8 22. Be1 f5 23. Bxg3 Rb8 24. Be1 Rhg8 25. g3 Rh8 26. h4 Rbg8 27. Kf1 Rg4
28. Qd1 Qxd1 29. Rxd1 e5 30. fxe5 Bxe5 31. Ke2 Bxg3 32. Bxg3 Rxg3 33. Kf2 Rh3
34. Ra3 Rb8 35. Kg2 Rxh4 36. Kg3 Rg4+ 37. Kf3 Rxb2 38. Rh1 Rgg2 39. Kf4 Rbf2+
40. Ke5 Rg6 0-1

[Event "FESTIVAL DE AJEDREZ DE ROQUETAS DE MAR |"]
[Site "Hotel Bahia Serena (Roquetas d"]
[Date "2013.01.03"]
[Round "2"]
[White "GAVILAN DIAZ, Mario"]
[Black "GRANDA ZUNIGA, Julio E"]
[Result "1-0"]
[WhiteElo "2255"]
[BlackElo "2636"]
[PlyCount "55"]
[EventDate "2013.01.02"]
[EventRounds "9"]
[EventCountry "ESP"]

1. d4 Nf6 2. c4 e6 3. Nc3 Bb4 4. Qc2 O-O 5. e4 d5 6. e5 Ne4 7. Bd3 c5 8. Nge2
cxd4 9. Nxd4 Nd7 10. Bf4 Ndc5 11. O-O Bxc3 12. bxc3 Bd7 13. Be2 Na4 14. cxd5
exd5 15. c4 Rc8 16. Qb3 Nac3 17. cxd5 Ba4 18. Qxb7 Nxd5 19. Be3 Rc7 20. Qa6
Nec3 21. e6 Qe8 22. Bg4 fxe6 23. Bxe6+ Kh8 24. Rfe1 Qg6 25. Qa5 Nb6 26. Rac1
Bc6 27. Bh3 Ncd5 28. Ne6 1-0

[Event "FESTIVAL DE AJEDREZ DE ROQUETAS DE MAR |"]
[Site "Hotel Bahia Serena (Roquetas d"]
[Date "2013.01.03"]
[Round "2"]
[White "NIKOLOV, Momchil"]
[Black "MARTINEZ LOPEZ, David"]
[Result "1-0"]
[WhiteElo "2545"]
[BlackElo "2258"]
[PlyCount "77"]
[EventDate "2013.01.02"]
[EventRounds "9"]
[EventCountry "ESP"]

1. d4 e6 2. c4 Nf6 3. Nf3 b6 4. g3 Bb7 5. Bg2 Be7 6. O-O O-O 7. Re1 d5 8. Ne5
c5 9. dxc5 Bxc5 10. Nc3 Nc6 11. Nd3 Be7 12. cxd5 Nxd5 13. Nxd5 exd5 14. Bd2 Bf6
15. Rc1 Ne5 16. Bc3 Nxd3 17. Qxd3 Bxc3 18. Rxc3 Rc8 19. Rxc8 Qxc8 20. e3 Rd8
21. Rd1 g6 22. Qd4 Re8 23. Bxd5 Bxd5 24. Qxd5 Qc2 25. Rd2 Qc1+ 26. Kg2 Rc8 27.
b4 Qe1 28. Qd7 Qc1 29. Rd4 a5 30. b5 Qc5 31. a4 Rc7 32. Qd8+ Kg7 33. Rd6 Rc8
34. Qf6+ Kg8 35. Rc6 Qd5+ 36. Qf3 Qd8 37. Qe4 Rxc6 38. Qxc6 Kf8 39. Qe4 1-0

[Event "FESTIVAL DE AJEDREZ DE ROQUETAS DE MAR |"]
[Site "Hotel Bahia Serena (Roquetas d"]
[Date "2013.01.03"]
[Round "2"]
[White "ESCUDERO MANZANO, Alejandro"]
[Black "IBARRA JEREZ, Jose Carlos"]
[Result "1/2-1/2"]
[WhiteElo "2231"]
[BlackElo "2538"]
[PlyCount "83"]
[EventDate "2013.01.02"]
[EventRounds "9"]
[EventCountry "ESP"]

1. e4 c5 2. Nf3 e6 3. d4 cxd4 4. Nxd4 a6 5. c4 Nf6 6. Nc3 Qc7 7. a3 b6 8. Be2
Bb7 9. f3 Nc6 10. Be3 Nxd4 11. Bxd4 Bd6 12. g3 h5 13. Qb3 Bc5 14. O-O-O h4 15.
g4 Qf4+ 16. Kb1 Bc6 17. Ka1 O-O 18. Na4 Rab8 19. Nxc5 bxc5 20. Qe3 Qxe3 21.
Bxe3 Rfc8 22. Bg5 h3 23. Rhg1 e5 24. Rg3 Ne8 25. Rxh3 d6 26. Rg3 Ba4 27. Rd2
Rc6 28. Bd1 Bxd1 29. Rxd1 Nc7 30. Be7 Ne8 31. Bg5 Nc7 32. Bd2 Ne6 33. Bc3 g5
34. Ka2 f6 35. Rg2 Kf7 36. Rgd2 Ke7 37. Rh1 Rh8 38. Rc1 Rh3 39. Rf1 Rc8 40.
Rff2 Rc6 41. Rc2 Rh8 42. Rcd2 1/2-1/2

[Event "FESTIVAL DE AJEDREZ DE ROQUETAS DE MAR |"]
[Site "Hotel Bahia Serena (Roquetas d"]
[Date "2013.01.03"]
[Round "2"]
[White "KHAMRAKULOV, Ibragim S"]
[Black "VEGA GOMEZ, Francisco B"]
[Result "1-0"]
[WhiteElo "2509"]
[BlackElo "2254"]
[PlyCount "107"]
[EventDate "2013.01.02"]
[EventRounds "9"]
[EventCountry "ESP"]

1. e4 d5 2. exd5 Nf6 3. c4 c6 4. Nc3 cxd5 5. d4 e6 6. Nf3 Nc6 7. a3 Ne4 8. Bd3
Nxc3 9. bxc3 Be7 10. O-O O-O 11. cxd5 exd5 12. Bc2 Re8 13. h3 Bf6 14. Re1 Rxe1+
15. Qxe1 Be6 16. Rb1 b6 17. Bf4 g6 18. Qe2 Rc8 19. Qa6 Qe7 20. Bb3 Nb8 21. Qb5
Qd7 22. a4 Qxb5 23. axb5 Nd7 24. Bd2 Kg7 25. Ra1 Rc7 26. Ne1 Be7 27. Nd3 Bd6
28. Kf1 Nf6 29. f3 Bd7 30. Ba4 Bf5 31. Nb2 h5 32. g4 hxg4 33. hxg4 Bd7 34. Nd3
Nh7 35. Kf2 f6 36. Re1 Nf8 37. Nf4 Bxf4 38. Bxf4 Rxc3 39. Re7+ Kg8 40. g5 Be6
41. gxf6 Bf7 42. Rxa7 Ne6 43. Be5 Ra3 44. f4 Rd3 45. Ke2 Ra3 46. Kd2 Ra2+ 47.
Kc3 Ra3+ 48. Kb4 Rf3 49. Bc2 Rf2 50. Kb3 Rf3+ 51. Kb2 Nxf4 52. Ra8+ Kh7 53. Rf8
Be6 54. f7 1-0

[Event "FESTIVAL DE AJEDREZ DE ROQUETAS DE MAR |"]
[Site "Hotel Bahia Serena (Roquetas d"]
[Date "2013.01.03"]
[Round "2"]
[White "PEREZ MITJANS, Orelvis"]
[Black "GONZALEZ DIAZ, Julio"]
[Result "1-0"]
[WhiteElo "2496"]
[BlackElo "2245"]
[PlyCount "89"]
[EventDate "2013.01.02"]
[EventRounds "9"]
[EventCountry "ESP"]

1. e4 d6 2. d4 Nf6 3. f3 c5 4. Ne2 g6 5. Nbc3 Nbd7 6. Be3 a6 7. Qd2 Qc7 8. Nf4
e6 9. g4 h6 10. d5 e5 11. Nfe2 b5 12. h4 Nb6 13. Ng3 h5 14. g5 Nfd7 15. b3 b4
16. Nd1 Bg7 17. a3 a5 18. c3 bxa3 19. Rxa3 a4 20. b4 O-O 21. Be2 c4 22. Nf2 Ba6
23. O-O Bb5 24. Nh3 Rae8 25. Qd1 Nc8 26. Rf2 Ne7 27. Rg2 Kh7 28. Kh1 Rh8 29.
Qg1 Qc8 30. Kh2 Kg8 31. Bd1 Qc7 32. Bxa4 Ra8 33. Rga2 Bxa4 34. Rxa4 Rxa4 35.
Rxa4 Kh7 36. Ra7 Qd8 37. Qa1 f5 38. exf5 gxf5 39. Nxh5 Kg6 40. Nxg7 Kxg7 41.
Qa4 Nb8 42. Qa5 Qxa5 43. bxa5 Kf8 44. Ra8 Kf7 45. a6 1-0

[Event "FESTIVAL DE AJEDREZ DE ROQUETAS DE MAR |"]
[Site "Hotel Bahia Serena (Roquetas d"]
[Date "2013.01.03"]
[Round "2"]
[White "PLASKETT, H James"]
[Black "TUDELA CORBALAN, Carlos"]
[Result "1-0"]
[WhiteElo "2495"]
[BlackElo "2242"]
[PlyCount "61"]
[EventDate "2013.01.02"]
[EventRounds "9"]
[EventCountry "ESP"]

1. d4 Nf6 2. Bg5 d6 3. Nc3 Nbd7 4. e4 e5 5. Nf3 Be7 6. Qd2 c6 7. O-O-O Qc7 8.
d5 O-O 9. h3 a6 10. g4 c5 11. Nh4 b5 12. Nf5 Bd8 13. f3 c4 14. Ne2 Rb8 15. Kb1
b4 16. Qe3 a5 17. Neg3 a4 18. Rh2 c3 19. b3 Ra8 20. Bb5 Nc5 21. Nxg7 axb3 22.
cxb3 Ra3 23. Bc4 Qa5 24. Bxf6 Bxf6 25. N7h5 Rd8 26. Nxf6+ Kf8 27. Qg5 Nxb3 28.
Bxb3 Rxb3+ 29. axb3 Qa3 30. Rc1 Be6 31. Ra2 1-0

[Event "FESTIVAL DE AJEDREZ DE ROQUETAS DE MAR |"]
[Site "Hotel Bahia Serena (Roquetas d"]
[Date "2013.01.03"]
[Round "2"]
[White "BAS MAS, Jose Joaquin"]
[Black "GONZALEZ PEREZ, Arian"]
[Result "1-0"]
[WhiteElo "2229"]
[BlackElo "2473"]
[PlyCount "115"]
[EventDate "2013.01.02"]
[EventRounds "9"]
[EventCountry "ESP"]

1. e4 e6 2. d4 d5 3. Nd2 Nf6 4. e5 Nfd7 5. Bd3 c5 6. c3 Nc6 7. Ne2 cxd4 8. cxd4
f6 9. exf6 Nxf6 10. O-O Bd6 11. Nf3 O-O 12. Bf4 Bxf4 13. Nxf4 Ne4 14. Qc1 Ng5
15. Nxg5 Qxg5 16. Bxh7+ Kxh7 17. Nxe6 Qf5 18. Nxf8+ Qxf8 19. Qg5 Qf5 20. Qxf5+
Bxf5 21. Rfe1 Nxd4 22. Rad1 Nc6 23. Rxd5 Rf8 24. f3 Rf7 25. a3 a6 26. h4 Bd7
27. Re3 Na7 28. Kh2 Nb5 29. g4 Bc6 30. Rdd3 Nc7 31. Kg3 Nd5 32. Re5 Nf6 33. h5
Nd7 34. Ree3 Nf6 35. Rd4 Nd5 36. Re5 Nf6 37. f4 Rc7 38. f5 Kg8 39. g5 Nxh5+ 40.
Kg4 g6 41. fxg6 Ng7 42. Rd8+ Ne8 43. Rexe8+ Bxe8 44. Rxe8+ Kg7 45. Kh5 b5 46.
Re2 Rc4 47. Re7+ Kg8 48. Ra7 b4 49. Rxa6 bxa3 50. bxa3 Kg7 51. Ra7+ Kg8 52. a4
Kh8 53. a5 Ra4 54. g7+ Kh7 55. g8=Q+ Kxg8 56. Kg6 Kf8 57. Ra8+ Ke7 58. Kg7 1-0

[Event "FESTIVAL DE AJEDREZ DE ROQUETAS DE MAR |"]
[Site "Hotel Bahia Serena (Roquetas d"]
[Date "2013.01.03"]
[Round "2"]
[White "DEL RIO DE ANGELIS, Salvador G"]
[Black "VILLASENOR RUBIO, Emilio Jose"]
[Result "1-0"]
[WhiteElo "2471"]
[BlackElo "2231"]
[PlyCount "39"]
[EventDate "2013.01.02"]
[EventRounds "9"]
[EventCountry "ESP"]

1. d4 d5 2. c4 c6 3. Nf3 Nf6 4. Nc3 a6 5. cxd5 cxd5 6. Bg5 e6 7. e3 Nc6 8. Bd3
Be7 9. O-O O-O 10. Rc1 h6 11. Bh4 b5 12. Nxb5 axb5 13. Rxc6 Bd7 14. Rc1 Rxa2
15. Qb3 Ra7 16. Ne5 Qb6 17. Bb1 Be8 18. Qd3 g6 19. Rc8 Rc7 20. Nxg6 1-0

[Event "FESTIVAL DE AJEDREZ DE ROQUETAS DE MAR |"]
[Site "Hotel Bahia Serena (Roquetas d"]
[Date "2013.01.03"]
[Round "3"]
[White "MIRZOEV, Azer"]
[Black "JANEV, Tihomir"]
[Result "1/2-1/2"]
[WhiteElo "2547"]
[BlackElo "2413"]
[PlyCount "118"]
[EventDate "2013.01.02"]
[EventRounds "9"]
[EventCountry "ESP"]

1. d4 Nf6 2. Nf3 e6 3. c4 d5 4. Nc3 dxc4 5. e3 a6 6. Bxc4 b5 7. Bb3 Bb7 8. O-O
c5 9. dxc5 Qxd1 10. Rxd1 Bxc5 11. Bd2 Nc6 12. Rac1 Bb6 13. Ne2 O-O 14. Bc2 Rfd8
15. Bb1 h6 16. h3 b4 17. Ng3 a5 18. Be1 Rxd1 19. Rxd1 Rd8 20. Rc1 Ne7 21. Ne5
Rc8 22. Rxc8+ Nxc8 23. Nc4 Bc7 24. Nf1 Ne4 25. f3 Nc5 26. Bg3 Bxg3 27. Nxg3 a4
28. Ne4 Nxe4 29. Bxe4 Ba6 30. Ne5 a3 31. bxa3 bxa3 32. Bd3 Bxd3 33. Nxd3 Kf8
34. Kf2 Ke7 35. Ke2 Nb6 36. e4 Nc4 37. Nb4 Kd6 38. Nc2 g5 39. Kd3 Kc5 40. Kc3
h5 41. Ne1 Ne3 42. Nd3+ Kb5 43. g4 h4 44. Kb3 Nc4 45. Kc3 Ne3 46. Ne5 Nd1+ 47.
Kb3 Nf2 48. Nxf7 Nxh3 49. Kxa3 Ng1 50. Nxg5 h3 51. Nxh3 Nxh3 52. Kb3 e5 53. a4+
Kc6 54. a5 Ng5 55. a6 Nxf3 56. a7 Kb7 57. Kc4 Kxa7 58. Kd5 Kb6 59. g5 Nxg5
1/2-1/2

[Event "FESTIVAL DE AJEDREZ DE ROQUETAS DE MAR |"]
[Site "Hotel Bahia Serena (Roquetas d"]
[Date "2013.01.03"]
[Round "3"]
[White "POGORELOV, Ruslan"]
[Black "NIKOLOV, Momchil"]
[Result "0-1"]
[WhiteElo "2409"]
[BlackElo "2545"]
[PlyCount "124"]
[EventDate "2013.01.02"]
[EventRounds "9"]
[EventCountry "ESP"]

1. Nf3 Nf6 2. c4 b6 3. g3 Bb7 4. Bg2 e6 5. O-O Be7 6. Nc3 O-O 7. Re1 Ne4 8.
Nxe4 Bxe4 9. d3 Bb7 10. e4 c5 11. d4 cxd4 12. Nxd4 d6 13. Be3 a6 14. Ne2 Nd7
15. Rc1 Rc8 16. b3 b5 17. cxb5 axb5 18. Rxc8 Qxc8 19. Qd2 Nc5 20. Rc1 Qa8 21.
f3 Rd8 22. b4 Nd7 23. Nd4 d5 24. exd5 Bxd5 25. Nxb5 Bxf3 26. Bxf3 Qxf3 27. Nd4
Ne5 28. Bf4 Qd3 29. Qxd3 Nxd3 30. Rc4 Nxb4 31. a3 Nd5 32. Nc6 Ra8 33. Nxe7+
Nxe7 34. Rb4 Kf8 35. Bd6 Ke8 36. Rb7 Nd5 37. Kf2 Ra6 38. Bc5 Rc6 39. Bd4 g5 40.
h3 Rc4 41. Be5 f6 42. Bd6 h5 43. Ke2 h4 44. gxh4 Rxh4 45. Rb3 Kd7 46. Bb8 e5
47. Kd2 Ke6 48. Ba7 Nf4 49. a4 Rxh3 50. Rb6+ Kf5 51. a5 Ra3 52. Rb5 g4 53. Kc2
Nd3 54. Bb6 Ke4 55. Rb3 Rxb3 56. Kxb3 Kd5 57. a6 Kc6 58. a7 Kb7 59. Kc3 e4 60.
Kd2 g3 61. Ke3 f5 62. Kd2 Nf4 0-1

[Event "FESTIVAL DE AJEDREZ DE ROQUETAS DE MAR |"]
[Site "Hotel Bahia Serena (Roquetas d"]
[Date "2013.01.03"]
[Round "3"]
[White "LADRON DE GUEVARA PINTO, Paolo"]
[Black "KHAMRAKULOV, Ibragim S"]
[Result "0-1"]
[WhiteElo "2365"]
[BlackElo "2509"]
[PlyCount "68"]
[EventDate "2013.01.02"]
[EventRounds "9"]
[EventCountry "ESP"]

1. e4 c5 2. Nf3 e6 3. d4 cxd4 4. Nxd4 a6 5. Bd3 Nc6 6. Nxc6 bxc6 7. O-O d5 8.
c4 Nf6 9. exd5 cxd5 10. cxd5 exd5 11. Re1+ Be7 12. Be3 Qd6 13. h3 O-O 14. Bd4
Be6 15. Nd2 Qf4 16. Be5 Qh6 17. Nf3 Nd7 18. Bd4 Nc5 19. Be3 Qh5 20. Be2 Ne4 21.
Nd4 Qh4 22. Nf3 Qh5 23. Nd4 Qg6 24. Bh5 Qf6 25. Bf3 Bb4 26. Rf1 Rac8 27. Be2 a5
28. Bg4 Bd6 29. f4 Ng3 30. Rf3 Ne4 31. Rf1 Rc4 32. Be2 Rb4 33. b3 Ng3 34. Rf3
Rxd4 0-1

[Event "FESTIVAL DE AJEDREZ DE ROQUETAS DE MAR |"]
[Site "Hotel Bahia Serena (Roquetas d"]
[Date "2013.01.03"]
[Round "3"]
[White "CAMACHO COLLADOS, Jose"]
[Black "PEREZ MITJANS, Orelvis"]
[Result "0-1"]
[WhiteElo "2339"]
[BlackElo "2496"]
[PlyCount "90"]
[EventDate "2013.01.02"]
[EventRounds "9"]
[EventCountry "ESP"]

1. Nf3 Nf6 2. g3 c5 3. c4 Nc6 4. Bg2 g6 5. O-O Bg7 6. d4 cxd4 7. Nxd4 O-O 8.
Nc3 Ng4 9. e3 d6 10. b3 Nxd4 11. exd4 Nh6 12. Bb2 Nf5 13. Ne2 Rb8 14. Rc1 b5
15. Qc2 bxc4 16. Qxc4 Qb6 17. Qc7 Ba6 18. Rfe1 Rfc8 19. Qxb6 axb6 20. Nc3 h5
21. Nd5 Rxc1 22. Bxc1 e6 23. Nb4 Bb5 24. d5 Bc3 25. Re4 Rc8 26. Ba3 Nd4 27.
dxe6 fxe6 28. Bh3 Kf7 29. Nc2 Nf3+ 30. Kh1 Ng5 31. Rf4+ Ke7 32. Bg2 e5 33.
Bxd6+ Kxd6 34. Rf6+ Ke7 35. Rxb6 Bd4 36. Rxb5 Rxc2 37. h4 Nf7 38. a4 Nd6 39.
Ra5 Rxf2 40. b4 Rb2 41. b5 e4 42. b6 e3 43. Bf3 Nf5 44. Rxf5 gxf5 45. b7 Rxb7
0-1

[Event "FESTIVAL DE AJEDREZ DE ROQUETAS DE MAR |"]
[Site "Hotel Bahia Serena (Roquetas d"]
[Date "2013.01.03"]
[Round "3"]
[White "KOVACEVIC, Slobodan"]
[Black "PLASKETT, H James"]
[Result "0-1"]
[WhiteElo "2326"]
[BlackElo "2495"]
[PlyCount "108"]
[EventDate "2013.01.02"]
[EventRounds "9"]
[EventCountry "ESP"]

1. d4 Nf6 2. Nf3 g6 3. Bg5 Bg7 4. Nbd2 O-O 5. c3 d6 6. e4 Nc6 7. Bb5 h6 8. Bh4
Nh5 9. O-O Bd7 10. Re1 Qe8 11. a4 e5 12. dxe5 Nxe5 13. Nxe5 dxe5 14. Bxd7 Qxd7
15. Nc4 Qe6 16. Ne3 c6 17. Re2 Bf6 18. Bxf6 Nxf6 19. f3 Rfd8 20. Rd2 Qe7 21.
Kf2 Nd7 22. Qc2 Nc5 23. Rad1 Rxd2+ 24. Rxd2 a5 25. Qd1 Kg7 26. g3 Qe6 27. Kg2
h5 28. h4 Ra6 29. Rf2 Rb6 30. g4 hxg4 31. Nxg4 Qe7 32. Kg3 f5 33. exf5 gxf5 34.
Nh2 Ne6 35. Rd2 Kf6 36. Nf1 c5 37. Kh2 Kg6 38. Qe1 Nf4 39. Ne3 Qf6 40. Qg3+ Kh6
41. Nc4 Re6 42. Nxa5 b6 43. Nc4 Nh5 44. Qg5+ Qxg5 45. hxg5+ Kxg5 46. Rd6 Re8
47. Rxb6 Kf4 48. Kg2 e4 49. fxe4 Rxe4 50. Nd6 Re2+ 51. Kh3 Re3+ 52. Kg2 Re2+
53. Kh3 Nf6 54. Nxf5 Ng4 0-1

[Event "FESTIVAL DE AJEDREZ DE ROQUETAS DE MAR |"]
[Site "Hotel Bahia Serena (Roquetas d"]
[Date "2013.01.03"]
[Round "3"]
[White "FERNANDEZ SILES, Luis"]
[Black "DEL RIO DE ANGELIS, Salvador G"]
[Result "0-1"]
[WhiteElo "2284"]
[BlackElo "2471"]
[PlyCount "128"]
[EventDate "2013.01.02"]
[EventRounds "9"]
[EventCountry "ESP"]

1. e4 e6 2. d3 d5 3. Nd2 Nf6 4. Ngf3 Be7 5. g3 dxe4 6. dxe4 b6 7. Bd3 Bb7 8.
Qe2 Nc6 9. c3 Nd7 10. Ba6 Bxa6 11. Qxa6 O-O 12. Qb5 Na5 13. b4 a6 14. Qa4 Nb7
15. Qc6 Qc8 16. e5 a5 17. Rb1 axb4 18. cxb4 Rxa2 19. O-O Nd8 20. Qc4 Ra4 21.
Ne4 c5 22. Nc3 Qa6 23. Qxa6 Rxa6 24. Rd1 Ra7 25. b5 f6 26. exf6 gxf6 27. Bh6
Re8 28. Rb2 Nf7 29. Bf4 e5 30. Be3 f5 31. Nd5 Bf8 32. Nh4 Nd6 33. Rbb1 Kf7 34.
Nxb6 Nxb6 35. Bxc5 Ndc4 36. Bxf8 Rxf8 37. Nxf5 Ke6 38. g4 Nd5 39. Rbc1 Rc8 40.
Ra1 Rxa1 41. Rxa1 Ncb6 42. Ra6 Rc5 43. Ne3 Rxb5 44. Nxd5 Kxd5 45. Ra7 Ke4 46.
Kg2 Nd5 47. f3+ Kf4 48. Rf7+ Ke3 49. Rxh7 Nf4+ 50. Kg3 Rb2 51. Ra7 Rg2+ 52. Kh4
Kxf3 53. Ra3+ Ke4 54. Ra4+ Kd5 55. Ra5+ Ke6 56. Ra6+ Kf7 57. Kg5 Nd3 58. Rd6 e4
59. Kf5 Nc5 60. Rc6 Rf2+ 61. Kg5 Ne6+ 62. Kh4 e3 63. Kg3 Rf1 64. Rc2 Nf4 0-1

[Event "FESTIVAL DE AJEDREZ DE ROQUETAS DE MAR |"]
[Site "Hotel Bahia Serena (Roquetas d"]
[Date "2013.01.03"]
[Round "3"]
[White "DAS, Arghyadip"]
[Black "GAVILAN DIAZ, Mario"]
[Result "1-0"]
[WhiteElo "2466"]
[BlackElo "2255"]
[PlyCount "99"]
[EventDate "2013.01.02"]
[EventRounds "9"]
[EventCountry "ESP"]

1. e4 c6 2. d4 d5 3. e5 c5 4. dxc5 Nc6 5. Nf3 Bg4 6. Bb5 e6 7. b4 Nge7 8. Nbd2
Ng6 9. h3 Bf5 10. O-O Be7 11. Bb2 O-O 12. Bxc6 bxc6 13. Nd4 Qc7 14. Re1 Rab8
15. Bc3 Bg5 16. N2f3 Be7 17. Nxf5 exf5 18. Qd3 f4 19. Nd4 Rfe8 20. Qf5 Bf8 21.
Nf3 Rbd8 22. Bd4 Be7 23. a3 Rf8 24. Re2 a5 25. Rae1 axb4 26. axb4 Ra8 27. Qg4
Rfb8 28. Bc3 Ra3 29. Bd2 Qc8 30. e6 f6 31. h4 Qa6 32. h5 Nf8 33. Nh4 Re8 34.
Nf5 g6 35. Nd4 Rc8 36. Bxf4 Qc4 37. Bd6 Ra7 38. hxg6 hxg6 39. Rb1 Qa2 40. Rb3
Qa1+ 41. Kh2 Qd1 42. Nf5 Bxd6+ 43. cxd6 Rh7+ 44. Rh3 Rxh3+ 45. gxh3 Ra8 46. Ne3
Qc1 47. e7 Ra1 48. Ng2 Qh1+ 49. Kg3 Rg1 50. Qf3 1-0